Loading...
| Science - Physics | 0 | 5 | 0 | 2 | 50 | 32 | 74.80 | 1 | 2 | 0.00 | 0.00 |
| Fine Arts - Visual | 0 | 3 | 0 | 0 | 30 | 76 | 97.67 | 0 | 0 | 0.00 | 0.00 |
| Fine Arts - Classical Music | 0 | 3 | 0 | 0 | 30 | 116 | 125.00 | 0 | 0 | 0.00 | 0.00 |
| Literature - American | 0 | 3 | 0 | 2 | 30 | 129 | 136.67 | 0 | 0 | 0.00 | 0.00 |
| Literature - British | 0 | 3 | 0 | 0 | 30 | 83 | 98.67 | 0 | 1 | 0.00 | 0.00 |
| Science - Other | 0 | 3 | 1 | 0 | 25 | 64 | 85.00 | 0 | 1 | 0.00 | 0.00 |
| Philosophy | 0 | 3 | 1 | 0 | 25 | 96 | 105.33 | 0 | 0 | 0.00 | 0.00 |
| Mythology | 0 | 1 | 0 | 0 | 10 | 88 | 88.00 | 0 | 0 | 0.00 | 0.00 |
| Fine Arts - Other | 0 | 1 | 0 | 0 | 10 | 99 | 99.00 | 0 | 1 | 0.00 | 0.00 |
| Literature - European | 0 | 1 | 0 | 1 | 10 | 144 | 144.00 | 0 | 0 | 0.00 | 0.00 |
| Science - Chemistry | 0 | 1 | 0 | 1 | 10 | 120 | 120.00 | 0 | 0 | 0.00 | 0.00 |
| History - World | 0 | 1 | 0 | 0 | 10 | 88 | 88.00 | 0 | 0 | 0.00 | 0.00 |
| Literature - World/Other | 0 | 1 | 1 | 0 | 5 | 91 | 91.00 | 1 | 1 | 0.00 | 0.00 |
| Other Academic | 0 | 0 | 1 | 0 | -5 | 0.00 | 0 | 0 | 0.00 | 0.00 |